Library Banner

A soldier's diary (Record no. 82436)

MARC details
000 -LEADER
fixed length control field 00368nam a22001457a 4500
005 - DATE AND TIME OF LATEST TRANSACTION
control field 20160201103336.0
008 - FIXED-LENGTH DATA ELEMENTS--GENERAL INFORMATION
fixed length control field 160201b xxu||||| |||| 00| 0 eng d
040 ## - CATALOGING SOURCE
Transcribing agency PK-LaUMT
082 ## - DEWEY DECIMAL CLASSIFICATION NUMBER
Classification number AMC 956.046
Item number YAE-S
100 ## - MAIN ENTRY--PERSONAL NAME
Personal name Yael dayan
245 ## - TITLE STATEMENT
Title A soldier's diary
Remainder of title sinai 1967
Statement of responsibility, etc Yael dayan
260 ## - PUBLICATION, DISTRIBUTION, ETC. (IMPRINT)
Place of publication, distribution, etc London
Name of publisher, distributor, etc Penguin books
Date of publication, distribution, etc 1967
300 ## - PHYSICAL DESCRIPTION
Extent 139 p.
942 ## - ADDED ENTRY ELEMENTS (KOHA)
Koha item type Books
Holdings
Withdrawn status Lost status Damaged status Home library Current library Date acquired Full call number Barcode Date last seen Price effective from Koha item type
      UMT Main Campus UMT Main Campus 2016-02-01 AMC 956.046 YAE-S 85831 2016-02-01 2016-02-01 Books